000 00488nam a2200181Ia 4500
001 16530
005 20260306170316.0
008 260306t2023||||xx |||||||||||||| ||und||
041 _aESP
082 _a348.6
_bT22P
100 _aTarazona Pinedo, Manolo Narciso,
_eAUT
245 0 _aProcedimiento de contratación laboral y determinación de derechos laborales
260 _c2023
300 _a237 páginas :
_c24 cm.
650 _aGEN
654 _aCDE
942 _cLIB
_dJUS
_fJUS
_2ddc
_n
999 _c16530
_d16530